Střední Evropa v zahraniční politice německé vlády

Kontinuita a diskontinuita nemeckej zahraničnej politiky. Stredoeurópske krajiny v úvahách novej spolokovej vlády.

Gespeichert in:
Bibliographische Detailangaben
1. Verfasser: Belling, Vojtěch
Format: Buchkapitel
Sprache:Tschechisch
Schlagworte:
Tags: Tag hinzufügen
Keine Tags, Fügen Sie das erste Tag hinzu!

MARC

LEADER 00000naa$a2200000$$$4500
001 0048498
005 20231016092459.8
041 0 |a cze 
044 |a CZ 
245 1 0 |a Střední Evropa v zahraniční politice německé vlády  |c Vojtěch Belling 
520 |a Kontinuita a diskontinuita nemeckej zahraničnej politiky. Stredoeurópske krajiny v úvahách novej spolokovej vlády. 
610 2 0 |a Nemecko 
610 2 0 |a SVE 
610 2 0 |a politika medzinárodná 
610 2 0 |a Európa 
610 2 0 |a stredná Európa 
610 2 0 |a vzťahy hospodárske vonkajšie 
610 2 0 |a vzťahy politické medzinárodné 
100 1 |a Belling, Vojtěch